| 000 | 00713nam a2200241Ia 4500 | ||
|---|---|---|---|
| 005 | 20250425162148.0 | ||
| 008 | 250425s9999 xx 000 0 und d | ||
| 020 | _a844813219X | ||
| 041 | _aspa | ||
| 043 | _asp | ||
| 082 | _a659.2 | ||
| 100 | _aBARQUERO CABRERO, JOSE DANIEL | ||
| 245 | 0 | _aCOMUNICACION Y RELACIONES PUBLICAS: DE LOS ORIGENES HISTORICOS AL NUEVO ENFOQUE DE PLANIFICACION ESTRATEGICA | |
| 250 | _a1A ED. | ||
| 260 |
_aEspaña _bMCGRAW-HILL INTERAMERICANA DE ESPAÑA,S.A.U. _c2002 |
||
| 260 | _aMADRID | ||
| 300 | _a448 | ||
| 650 | _aCOMUNICACION HUMANA | ||
| 650 | _aRELACIONES PUBLICAS | ||
| 710 | _aMCGRAW-HILL INTERAMERICANA DE ESPAÑA, S.A. | ||
| 942 | _c01 | ||
| 010 | _a53924 | ||
| 999 |
_c223581 _d223581 |
||